Culture générale (langues) - #01 - Statistiques

Statistiques générales
  • Ce quiz a été pris 59 fois
  • Le résultat moyen est 9 sur 20
Statistiques - réponses
Indice Réponse % Correct
Langue maternelle de la physicienne et chimiste Marie Curie Polonais
87%
Parfois appelée "langue de Shakespeare" Anglais
85%
Langue maternelle de Monica Bellucci et Carla Bruni Italien
85%
Parlée à Copenhague Danois
81%
Cette langue a perdu son statut de "langue officielle" au Mali en 2023 Français
79%
"Bonjour" s'écrit "Καλημέρα" dans cette langue Grec
79%
L'Angola, la Guinée-Bissau, le Mozambique, les îles du Cap-Vert et les îles de Sao Tomé et Principe partagent cette langue en raison de l'histoire coloniale Portugais
77%
Visuo-gestuelles, ces langues sont en grande majorité utilisées par les personnes sourdes et malentendantes Langues des signes
70%
Langue officielle de la garde pontificale, chargée de veiller à la sécurité du pape au Vatican Allemand
68%
Utilisé en France et en Espagne, il s'agit du seul et unique isolat existant en Europe Basque
55%
Officielle à Chypre et qui utilise l'alphabet latin Turc
51%
Son autonyme est "suomi" Finnois
45%
A pour alphabet le "Hangeul" Coréen
36%
Langue officielle du Pakistan Ourdou
28%
Nom donné à celles et ceux qui parlent couramment six langues ou plus Hyperpolyglottes
6%
Philosophe italien de la Renaissance qui aurait maitrisé 22 langues à l'âge de 18 ans Jean Pic de la Mirandole
6%
Livre illustré anonyme rédigé dans une écriture non déchiffrée et une langue non identifiée Manuscrit de Voynich
6%
Adjectif pour désigner un système d'écriture comprenant des minuscules et des majuscules Bicaméral
2%
Famille de langues qui représente à elle seule 90% du regroupement polyphylétique des langues aborigènes d'Australie Langues pama-nyungan
2%
"Dialecte" d'une langue donnée, variations liées à la catégorie socio-professionnelle ou l'âge d'un locuteur Sociolecte
2%
Aucun quiz correspondant
Distribution des résultats
% des personnes avec chaque résultat
Percentile par nombre de réponses
Votre historique - résultats
Vous n’avez pas pris ce quiz